00345 2200145 4500001002100000005001500021035002000036082000800056084001400064100002200078245004400100260003100144300001200175990001200187INLIS00000000000192320250521014841 a0010-0525000215 a800 a800 MAR s0 aMaria A. Sardjono1 aSeikat Mawar Putih /cMaria A. Sardjono aJakarta :bGramedia,c2006 a320 hlm a0713442